BIBLIOGRAPHY ON PUBLIC HEALTH AND NUTRITION OF CHILDREN IN THE ARAB WORLD 1945 - 1989 / (Record no. 16936)
[ view plain ]
| 000 -الفاتح | |
|---|---|
| حقل البيانات ثابتة الطول | 00595nam a2200193Ia 4500 |
| 008 - عناصر البيانات ثابتة الطول - معلومات عامة | |
| حقل البيانات ثابتة الطول | 140319s9999 xx 000 0 eng d |
| 040 ## - مصدر الفهرسة | |
| وكالة الفهرسة الأصلية | GCL / |
| وكالة النسخ | GCL |
| 082 04 - رقم تصنيف ديوى العشرى | |
| رقم التصنيف | 613.0432 |
| رقم المادة | M B |
| 100 1# - المدخل الرئيسى - إسم شخصى | |
| الإسم الشخصى | MILADI, SAMIR SALEM |
| 245 10 - بيان العنوان | |
| العنوان | BIBLIOGRAPHY ON PUBLIC HEALTH AND NUTRITION OF CHILDREN IN THE ARAB WORLD 1945 - 1989 / |
| بيان المسئوليه,etc | MILADI, SAMIR SALEM |
| 700 1# - المدخل الاضافى - اسم شخصى | |
| الإسم الشخصى | EL- GHORAB, MOHAMED |
| 300 ## - الوصف المادى | |
| التعداد | 194 P |
| 650 04 - المدخل الاضافى بالموضوع-مصطلح موضوعى | |
| مصطلح موضوعي | PUBLIC HEALTH |
| 650 04 - المدخل الاضافى بالموضوع-مصطلح موضوعى | |
| مصطلح موضوعي | CHILD - CARE |
| 650 04 - المدخل الاضافى بالموضوع-مصطلح موضوعى | |
| مصطلح موضوعي | PUBLIC HEALTH FOR CHILDREN |
| 942 ## - عناصر المدخل الإضافي( كوها) | |
| مصدر التصنيف او مخطط الترفيف | Dewey Decimal Classification |
| Koha [default] item type | كتاب |
| 260 ## - PUBLICATION, DISTRIBUTION, ETC. (IMPRINT) | |
| -- | [S.N] : |
| -- | THE ARAB COUNCIL OF CHILDHOOD AND DEVELO |
| حالة التراجع | حالة الفقد | حالة تلف | ليس للاعارة | المكان المؤقت | الموقع الحالى | تاريخ الاكتساب | اجمالي اﻻعارات | رقم الطلب | الباركود | تاريخ اخر مشاهدة | تاريخ تفعيل السعر | نوع وعاء كوها |
|---|---|---|---|---|---|---|---|---|---|---|---|---|
| مكتبة القاهرة الكبرى | مكتبة القاهرة الكبرى | 03/26/2014 | 613.0432\M B | 30582 | 03/26/2014 | 03/26/2014 | كتاب |

